| 000 | 00523nab a2200145Ia 4500 | ||
|---|---|---|---|
| 003 | ES-SlBCS | ||
| 005 | 20210601135702.0 | ||
| 008 | 140529s1996 xxu||||| |||| 00| 0 spa d | ||
| 041 | _aspa | ||
| 100 | 1 |
_aChopp, Rebecca _9235319 |
|
| 245 | 0 | 0 |
_aEl conocimiento de Eva: la resistencia de la teología feminista a los marcos epistemológicos de corriente masculina _c Rebecca Chopp |
| 650 | 0 | 4 |
_aTeología Feminista-Epistemología Masculina _9235320 |
| 773 | 0 |
_tConcilium _gnº. 263, 1996, págs. 165-174 _wRev134 |
|
| 942 | _cAR | ||
| 999 |
_c632247 _d632247 |
||